Roblox islands quiz - Statistics

General Stats
  • This quiz has been taken 119 times
  • The average score is 4 of 5
Answer Stats
Hint Answer % Correct
Can you put lava on your island? No
98%
Can you put water on your island? Yes
98%
What is the name of their group? Easy.gg
81%
What is the worst sickle you can craft? Stone sickle
51%
What is the name of the seeds seller? Cleetus
30%
No matching quizzes found
Score Distribution
Percent of People with Each Score
Percentile by Number Answered
Your Score History
You have not taken this quiz